Laser beam information systems

Na minha lista:
Detalhes bibliográficos
Formato: Livro
Idioma:Undetermined
Publicado em: New York Petrocelli Books 1978
Assuntos:
Tags: Adicionar Tag
Sem tags, seja o primeiro a adicionar uma tag!
Thư viện lưu trữ: Trung tâm Học liệu Trường Đại học Cần Thơ
LEADER 00487nam a2200169Ia 4500
001 CTU_97866
008 210402s9999 xx 000 0 und d
082 |a 621.3819 
082 |b L343 
245 0 |a Laser beam information systems 
245 0 |c William C. House editor 
260 |a New York 
260 |b Petrocelli Books 
260 |c 1978 
650 |a Optical storage devices,Computers,Lasers 
650 |x Optical equipment 
980 |a Trung tâm Học liệu Trường Đại học Cần Thơ